Statistics for Страны на Каспйском море с картой

Click here to take the quiz!

General Stats

  • This quiz has been taken 469 times
  • The average score is 5 of 5

Answers on the Map

Answers color-coded by a green-red scale on the quiz's map according to % correct below.
 

Answer Stats

Страна% Correct
Россия
97%
Казахстан
96%
Азербайджан
93%
Иран
89%
Туркменистан
84%

Score Distribution

Percentile by Number Answered

Percent of People with Each Score

Your Score History

You have not taken this quiz